000 01301cam a2200133 4500500
005 20260329023244.0
041 _afre
042 _adc
100 1 0 _aThiébot, Emmanuel
_eauthor
245 0 0 _aConnaissez-vous vraiment la Seconde Guerre mondiale? : Testez-vous en 500 questions
260 _bArmand Colin,
_c2019.
520 _aCe petit livre a pour mission de tester les connaissances du grand public sur la Seconde Guerre mondiale sous forme de 500 questions. Ces questions se présentent sous plusieurs formes (cinq au maximum) : QCM, vrai ou faux, question ouverte… Le sujet abordé est introduit par un chapeau et une illustration en noir en début de chapitre pour le recontextualiser (un encadré peut faire office de « loupe » pour mettre l’accent sur tel ou tel point important). Les réponses sont indiquées en fin d’ouvrage (pas plus d’une ligne). L’accent doit être mis sur la maquette (place pour écrire les réponses, etc.).Si le concept fonctionne, il peut se décliner sur d’autres moments historiques, voire d’autres disciplines en Lettres et Sciences Humaines (vie et œuvre écrivains du XIXe siècle, etc.).
856 4 1 _uhttps://shs.cairn.info/connaissez-vous-vraiment-la-seconde-guerre-mondiale--9782200624385?lang=fr&redirect-ssocas=7080
999 _c1925845
_d1925845